[Event "ROM-chT2"]
[Site "Baile Tusnad"]
[Date "2000.??.??"]
[Round "?"]
[White "Glodeanu, Ion"]
[Black "Hegedus, Istvan"]
[Result "1/2-1/2"]
[WhiteElo "2311"]
[BlackElo "2080"]
[PlyCount "22"]
[EventDate "2000.??.??"]
[EventType "team"]
[EventRounds "9"]
[EventCountry "ROU"]
[SourceTitle "EXT 2001"]
[Source "ChessBase"]
[SourceDate "2000.11.22"]
[SourceVersion "1"]
[SourceVersionDate "2000.11.22"]
[SourceQuality "1"]

1. e4 c5 2. Nf3 e6 3. b3 d6 4. Bb2 a6 5. Be2 Nc6 6. d4 cxd4 7. Nxd4 Nf6 8. Nxc6 bxc6 9. Nd2 e5 10. 0-0 Be7 11. c4 Nd7 1/2-1/2

[Event "Budapest FS05 Elo"]
[Site "Budapest"]
[Date "1999.05.08"]
[Round "8"]
[White "Hegedus, Istvan"]
[Black "Berczes, Csaba"]
[Result "0-1"]
[WhiteElo "2108"]
[BlackElo "2146"]
[PlyCount "142"]
[EventDate "1999.05.??"]
[EventType "tourn"]
[EventRounds "10"]
[EventCountry "HUN"]
[SourceTitle "CBM 070 Extra"]
[Source "ChessBase"]
[SourceDate "1999.07.10"]
[SourceVersion "1"]
[SourceVersionDate "1999.07.10"]
[SourceQuality "1"]

1. e4 c5 2. Nf3 e6 3. d4 cxd4 4. Nxd4 Nf6 5. Nc3 d6 6. Be2 Be7 7. Be3 a6 8. 0-0 0-0 9. Kh1 Nc6 10. f4 Qc7 11. Qe1 Nxd4 12. Bxd4 b5 13. a3 Bb7 14. Bd3 Bc6 15. Qg3 Qb7 16. Rae1 Rad8 17. Qh3 g6 18. Qh6 Rfe8 19. Rf3 Nh5 20. g4 Bf8 21. Qg5 h6 22. Qh4 Nxf4 23. Bf6 g5 24. Qf2 Be7 25. Rxf4 gxf4 26. Qxf4 Bxf6 27. Qxf6 Kh7 28. g5 Qe7 29. Qxh6+ Kg8 30. Rf1 Qf8 31. Qh4 Qg7 32. Rf6 e5 33. Rh6 Rd7 34. Nd5 Bxd5 35. exd5 e4 36. Bxe4 Rde7 37. Bh7+ Kf8 38. Bd3 Re1+ 39. Kg2 Qe5 40. Rh8+ Ke7 41. g6+ f6 42. g7 Qxd5+ 43. Kf2 Kd7 44. b4 Qa8 45. g8Q Qa7+ 46. Kg2 Rg1+ 47. Kh3 Qe3+ 48. Qgg3 Qe6+ 49. Qgg4 Rxg4 50. Qxg4 Rxh8+ 51. Kg3 Qxg4+ 52. Kxg4 Rxh2 53. Kf5 Rf2+ 54. Ke4 Kc6 55. c4 Ra2 56. Kd4 Rd2 57. cxb5+ axb5 58. Ke3 Rxd3+ 59. Kxd3 Kd5 60. Kc3 f5 61. Kd3 f4 62. Kc3 f3 63. Kd3 f2 64. Ke2 Kc4 65. Kxf2 Kb3 66. Ke2 Kxa3 67. Kd3 Kxb4 68. Kc2 d5 69. Kb2 d4 70. Kc2 Kc4 71. Kd2 b4 0-1

[Event "Budapest FS05 Elo"]
[Site "Budapest"]
[Date "1999.05.07"]
[Round "7"]
[White "Pongo, Istvan"]
[Black "Hegedus, Istvan"]
[Result "1-0"]
[WhiteElo "2074"]
[BlackElo "2108"]
[PlyCount "59"]
[EventDate "1999.05.??"]
[EventType "tourn"]
[EventRounds "10"]
[EventCountry "HUN"]
[SourceTitle "CBM 070 Extra"]
[Source "ChessBase"]
[SourceDate "1999.07.10"]
[SourceVersion "1"]
[SourceVersionDate "1999.07.10"]
[SourceQuality "1"]

1. e4 c5 2. Nc3 Nc6 3. g3 g6 4. Bg2 Bg7 5. Nf3 e6 6. d3 Rb8 7. Bf4 d6 8. Qc1 b5 9. 0-0 b4 10. Ne2 e5 11. Bg5 f6 12. Be3 Be6 13. c3 a5 14. d4 Bc4 15. Re1 Bxe2 16. Rxe2 cxd4 17. cxd4 Rc8 18. Rc2 Nge7 19. d5 Nb8 20. Rxc8 Qxc8 21. Bb6 Qxc1+ 22. Rxc1 a4 23. Bc7 Kd7 24. Ba5 Na6 25. Bf1 Nc5 26. Bb5+ Kc8 27. Rxc5+ dxc5 28. d6 a3 29. bxa3 c4 30. Bxb4 1-0

[Event "Budapest FS05 Elo"]
[Site "Budapest"]
[Date "1999.05.04"]
[Round "4"]
[White "Hegedus, Istvan"]
[Black "Balogh, Csaba"]
[Result "0-1"]
[WhiteElo "2108"]
[BlackElo "2135"]
[PlyCount "66"]
[EventDate "1999.05.??"]
[EventType "tourn"]
[EventRounds "10"]
[EventCountry "HUN"]
[SourceTitle "CBM 070 Extra"]
[Source "ChessBase"]
[SourceDate "1999.07.10"]
[SourceVersion "1"]
[SourceVersionDate "1999.07.10"]
[SourceQuality "1"]

1. e4 c5 2. Nf3 d6 3. d4 cxd4 4. Nxd4 Nf6 5. Nc3 Nc6 6. Be2 e5 7. Nf3 h6 8. 0-0 Be7 9. Re1 0-0 10. h3 Be6 11. Bf1 Nb8 12. Nh2 Nbd7 13. Ng4 Nxg4 14. hxg4 Qb6 15. a4 a6 16. a5 Qc7 17. Be3 Rac8 18. g3 Bg5 19. f4 exf4 20. gxf4 Bh4 21. f5 Bxe1 22. fxe6 Ne5 23. Nd5 Qxc2 24. Ne7+ Kh8 25. Nxc8 Qxe4 26. Bb6 Nf3+ 27. Qxf3 Qxf3 28. Bg2 Qg3 29. e7 Rxc8 30. Bd8 Bf2+ 31. Kf1 Qe3 32. Bxb7 Rc2 33. Bf3 Qd3+ 0-1

[Event "Budapest FS05 Elo"]
[Site "Budapest"]
[Date "1999.05.03"]
[Round "3"]
[White "Berczes, Csaba"]
[Black "Hegedus, Istvan"]
[Result "1-0"]
[WhiteElo "2146"]
[BlackElo "2108"]
[PlyCount "107"]
[EventDate "1999.05.??"]
[EventType "tourn"]
[EventRounds "10"]
[EventCountry "HUN"]
[SourceTitle "CBM 070 Extra"]
[Source "ChessBase"]
[SourceDate "1999.07.10"]
[SourceVersion "1"]
[SourceVersionDate "1999.07.10"]
[SourceQuality "1"]

1. e4 e6 2. d4 d5 3. Nd2 Nf6 4. e5 Nfd7 5. Bd3 c5 6. c3 Nc6 7. Ne2 cxd4 8. cxd4 Nb6 9. 0-0 Be7 10. f4 g6 11. Nf3 Bd7 12. Bd2 Rc8 13. Rc1 Nb4 14. Bxb4 Bxb4 15. Rxc8 Qxc8 16. b3 Be7 17. Qc1 Qxc1 18. Rxc1 0-0 19. Rc7 Rb8 20. g4 Bd8 21. Rc2 Rc8 22. Rxc8 Bxc8 23. g5 Bd7 24. Kf2 Be7 25. Nc3 a6 26. a4 Na8 27. Ne1 Bb4 28. Na2 Bd2 29. Ng2 Ba5 30. Ne3 Bd8 31. Ng4 Bc6 32. Nb4 Nc7 33. Nxc6 bxc6 34. Nf6+ Bxf6 35. gxf6 Kf8 36. b4 Ke8 37. Kf3 Kd8 38. Kg4 Ke8 39. Kg5 Kf8 40. Kh6 Kg8 41. h3 Kh8 42. h4 Kg8 43. h5 Kf8 44. hxg6 hxg6 45. Kh7 Na8 46. a5 Nc7 47. Kh8 c5 48. bxc5 g5 49. fxg5 Na8 50. Bxa6 Nc7 51. Bb7 Nb5 52. a6 Na7 53. c6 Nxc6 54. g6 1-0

[Event "Budapest FS05 Elo"]
[Site "Budapest"]
[Date "1999.05.02"]
[Round "2"]
[White "Hegedus, Istvan"]
[Black "Pongo, Istvan"]
[Result "1-0"]
[WhiteElo "2108"]
[BlackElo "2074"]
[PlyCount "67"]
[EventDate "1999.05.??"]
[EventType "tourn"]
[EventRounds "10"]
[EventCountry "HUN"]
[SourceTitle "CBM 070 Extra"]
[Source "ChessBase"]
[SourceDate "1999.07.10"]
[SourceVersion "1"]
[SourceVersionDate "1999.07.10"]
[SourceQuality "1"]

1. e4 c5 2. Nf3 e6 3. d4 cxd4 4. Nxd4 Nf6 5. Nc3 Nc6 6. Be3 a6 7. Bd3 Ne5 8. 0-0 Be7 9. Kh1 d6 10. f4 Nxd3 11. cxd3 0-0 12. Qf3 Ne8 13. Rae1 Bf6 14. Nde2 g6 15. g4 Bh4 16. Ng3 Bd7 17. Re2 Bc6 18. f5 exf5 19. gxf5 Bf6 20. Bh6 Ng7 21. Rg2 Bg5 22. Bxg7 Kxg7 23. f6+ Kh8 24. Nge2 Bd2 25. Nf4 Bxc3 26. bxc3 Rg8 27. Nh3 Bd7 28. Ng5 Qf8 29. Qg3 Be6 30. Rf4 h5 31. d4 d5 32. e5 Qh6 33. Rh4 Raf8 34. Qf4 1-0

[Event "Deva tt"]
[Site "Deva"]
[Date "1999.??.??"]
[Round "?"]
[White "Hegedus, Istvan"]
[Black "Sonoc, Dorin"]
[Result "1-0"]
[WhiteElo "2320"]
[BlackElo "1875"]
[PlyCount "107"]
[EventDate "1999.07.??"]
[EventType "team"]
[EventRounds "9"]
[EventCountry "ROU"]
[SourceTitle "EXT 2004"]
[Source "ChessBase"]
[SourceDate "2003.11.25"]
[SourceVersion "1"]
[SourceVersionDate "2003.11.25"]
[SourceQuality "1"]

1. e4 c5 2. Nf3 Nc6 3. Bb5 e6 4. 0-0 Nge7 5. c3 a6 6. Ba4 d5 7. e5 d4 8. c4 Rb8 9. Bxc6+ Nxc6 10. d3 Qc7 11. Re1 Be7 12. Bf4 f6 13. exf6 Qxf4 14. fxe7 Nxe7 15. Qd2 0-0 16. Qxf4 Rxf4 17. Nbd2 Nc6 18. Ne5 Nxe5 19. Rxe5 Rf5 20. Rae1 Rxe5 21. Rxe5 b6 22. f4 a5 23. Kf2 h6 24. h4 Bd7 25. g4 g6 26. h5 gxh5 27. Rxh5 Kg7 28. Re5 Kf7 29. Ne4 Bc6 30. Nd2 Kf6 31. Kg3 Rg8 32. Rh5 Kg6 33. Nf3 Bxf3 34. Kxf3 Rf8 35. Ke4 Rf7 36. Ke5 Rf8 37. Rh2 Rf7 38. Rf2 Rf6 39. Rh2 Kf7 40. b3 Ke7 41. f5 Kf7 42. a3 Ke7 43. Rh5 exf5 44. gxf5 Rd6 45. Rh2 Rf6 46. Kf4 Kd6 47. Rg2 Ke7 48. Ke5 Kf7 49. Rh2 Ke7 50. b4 axb4 51. axb4 Rd6 52. bxc5 bxc5 53. Ra2 h5 54. f6+ 1-0

[Event "Deva tt"]
[Site "Deva"]
[Date "1999.??.??"]
[Round "?"]
[White "Nanu, Ciprian Costica"]
[Black "Hegedus, Istvan"]
[Result "1/2-1/2"]
[WhiteElo "2395"]
[BlackElo "2320"]
[PlyCount "89"]
[EventDate "1999.07.??"]
[EventType "team"]
[EventRounds "9"]
[EventCountry "ROU"]
[SourceTitle "EXT 2004"]
[Source "ChessBase"]
[SourceDate "2003.11.25"]
[SourceVersion "1"]
[SourceVersionDate "2003.11.25"]
[SourceQuality "1"]

1. e4 c5 2. Nf3 e6 3. Nc3 a6 4. g3 Nc6 5. Bg2 g6 6. d4 cxd4 7. Nxd4 Bg7 8. Be3 Nge7 9. 0-0 0-0 10. Nxc6 Nxc6 11. Bc5 Re8 12. f4 Qa5 13. Bd6 Qb6+ 14. Kh1 Qxb2 15. Na4 Qd4 16. Qxd4 Bxd4 17. c3 Ba7 18. e5 b5 19. Nc5 Bxc5 20. Bxc5 Bb7 21. Rfd1 Na5 22. Rxd7 Bxg2+ 23. Kxg2 Rac8 24. Bd4 Red8 25. Rd6 Rxd6 26. exd6 Nc4 27. d7 Rd8 28. a4 f5 29. axb5 axb5 30. Ra7 Kf7 31. g4 fxg4 32. Bf2 g5 33. fxg5 Ne5 34. Rb7 Rxd7 35. Rxb5 Nd3 36. Bd4 e5 37. Bxe5 Nxe5 38. Rxe5 Rd3 39. c4 Kg6 40. c5 Rc3 41. Kf2 Rh3 42. Kg2 Kh5 43. Re7 Kxg5 44. c6 Rc3 45. Rxh7 1/2-1/2

[Event "Budapest FS07 Elo"]
[Site "Budapest"]
[Date "1998.07.05"]
[Round "2"]
[White "Hegedus, Istvan"]
[Black "Kammer, Roland"]
[Result "1/2-1/2"]
[WhiteElo "2105"]
[BlackElo "2105"]
[PlyCount "57"]
[EventDate "1998.07.??"]
[EventType "tourn"]
[EventRounds "10"]
[EventCountry "HUN"]
[SourceTitle "EXT 1999"]
[Source "ChessBase"]
[SourceDate "1998.11.16"]
[SourceVersion "1"]
[SourceVersionDate "1998.11.16"]
[SourceQuality "1"]

1. e4 c5 2. Nf3 e6 3. d4 cxd4 4. Nxd4 Nf6 5. Nc3 Nc6 6. Ndb5 d6 7. Bf4 e5 8. Bg5 a6 9. Na3 Be6 10. Nc4 Rc8 11. Bxf6 gxf6 12. Ne3 Ne7 13. Bd3 Qb6 14. Rb1 Bh6 15. Ned5 Bxd5 16. exd5 f5 17. 0-0 e4 18. Bxe4 fxe4 19. Nxe4 Bg7 20. Qf3 Rxc2 21. Nf6+ Kd8 22. Rbe1 Qxb2 23. Nh5 Be5 24. Qxf7 Qd4 25. Ng7 Qxd5 26. Ne6+ Kd7 27. Nf8+ Kd8 28. Ne6+ Kd7 29. Nf8+ 1/2-1/2

[Event "Budapest FS07 Elo"]
[Site "Budapest"]
[Date "1998.??.??"]
[Round "10"]
[White "Hegedus, Istvan"]
[Black "Bock, Juergen"]
[Result "1/2-1/2"]
[WhiteElo "2105"]
[BlackElo "2210"]
[PlyCount "85"]
[EventDate "1998.07.??"]
[EventType "tourn"]
[EventRounds "10"]
[EventCountry "HUN"]
[SourceTitle "EXT 1999"]
[Source "ChessBase"]
[SourceDate "1998.11.16"]
[SourceVersion "1"]
[SourceVersionDate "1998.11.16"]
[SourceQuality "1"]

1. e4 e6 2. d4 d5 3. Nc3 Nf6 4. Bg5 Bb4 5. e5 h6 6. Bd2 Bxc3 7. bxc3 Ne4 8. Qg4 Kf8 9. h4 c5 10. Bd3 Nxd2 11. Kxd2 Nc6 12. Nf3 c4 13. Be2 b5 14. h5 a5 15. a3 Rb8 16. Rhb1 Qe7 17. Qh4 Ba6 18. g4 Qxh4 19. Nxh4 Rb6 20. f4 Ne7 21. Rf1 Ke8 22. f5 Rg8 23. f6 gxf6 24. Rxf6 Rh8 25. Rg1 Rh7 26. g5 hxg5 27. Rxg5 b4 28. cxb4 axb4 29. axb4 c3+ 30. Ke3 Bxe2 31. Kxe2 Rxb4 32. Kd3 Nc6 33. Nf3 Rc4 34. Ke3 Nb4 35. Ne1 Nc6 36. Nf3 Nb4 37. Rg8+ Kd7 38. Ne1 Rxh5 39. Rxf7+ Kc6 40. Rc8+ Kb6 41. Rb8+ Kc6 42. Rc8+ Kb6 43. Rb8+ 1/2-1/2

[Event "Deva tt"]
[Site "Deva"]
[Date "1998.??.??"]
[Round "4"]
[White "Hegedus, Istvan"]
[Black "Rusan, Paul Cristian"]
[Result "1-0"]
[WhiteElo "2325"]
[BlackElo "2175"]
[PlyCount "69"]
[EventDate "1998.07.??"]
[EventType "team"]
[EventRounds "9"]
[EventCountry "ROU"]
[SourceTitle "EXT 2004"]
[Source "ChessBase"]
[SourceDate "2003.11.25"]
[SourceVersion "1"]
[SourceVersionDate "2003.11.25"]
[SourceQuality "1"]

1. e4 c5 2. Nf3 Nc6 3. Bb5 e6 4. 0-0 Nge7 5. c3 d5 6. e5 Bd7 7. Ba4 b5 8. Bc2 c4 9. d4 cxd3 10. Bxd3 Ng6 11. Re1 Bc5 12. Bg5 Qb6 13. Qc2 b4 14. h4 bxc3 15. bxc3 Rb8 16. h5 Nge7 17. h6 gxh6 18. Bf6 Rg8 19. Bxh7 Rg4 20. Re2 Na5 21. Nh2 Ba4 22. Qd2 Nc4 23. Qc1 Rg3 24. Bh4 Rg7 25. Qxh6 Rxh7 26. Qxh7 Bd1 27. Rd2 Ba4 28. Ng4 Kd7 29. Qxf7 Qxb1+ 30. Rxb1 Rxb1+ 31. Kh2 Nxd2 32. Nf6+ Kc7 33. Ng8 Nf1+ 34. Kh3 Nd2 35. Nxe7 1-0

[Event "Deva tt"]
[Site "Deva"]
[Date "1998.??.??"]
[Round "3"]
[White "Ismanescu, Vasile Gheorghe"]
[Black "Hegedus, Istvan"]
[Result "0-1"]
[WhiteElo "1870"]
[BlackElo "2325"]
[PlyCount "152"]
[EventDate "1998.07.??"]
[EventType "team"]
[EventRounds "9"]
[EventCountry "ROU"]
[SourceTitle "EXT 2004"]
[Source "ChessBase"]
[SourceDate "2003.11.25"]
[SourceVersion "1"]
[SourceVersionDate "2003.11.25"]
[SourceQuality "1"]

1. e4 c5 2. Nf3 e6 3. c3 d5 4. Bb5+ Bd7 5. Bxd7+ Qxd7 6. Qc2 dxe4 7. Qxe4 Nf6 8. Qe2 Nc6 9. 0-0 Rd8 10. d4 cxd4 11. cxd4 Be7 12. Be3 0-0 13. Nc3 Rc8 14. Rac1 Nd5 15. Ne4 b6 16. a3 h6 17. g3 Bd6 18. Nc3 Nce7 19. Ne5 Bxe5 20. dxe5 Nxc3 21. bxc3 Qd5 22. Bd4 Rfd8 23. Qb2 Qc4 24. Qb4 Nd5 25. Qb2 Ne7 26. Rfe1 Rd5 27. Rcd1 Rb5 28. Qd2 Nd5 29. Kg2 Rb3 30. Ra1 Qa4 31. Rec1 Rc4 32. Qd3 b5 33. Qd1 a6 34. Kg1 Rc6 35. h4 Qc4 36. Qd2 Qa4 37. Qd1 Rxa3 38. Qxa4 Rxa4 39. Rxa4 bxa4 40. Kf1 a3 41. Ke2 Nb6 42. Kd3 Nc4 43. Kc2 h5 44. Kb3 Kh7 45. f3 Kg6 46. Rc2 Kf5 47. Re2 Rc7 48. Ra2 a5 49. Kc2 Nxe5 50. Bxe5 Kxe5 51. Rxa3 Rc5 52. Kd3 Kd6 53. Kd4 Rd5+ 54. Ke4 Re5+ 55. Kd3 g5 56. Ra4 Rf5 57. Ke3 gxh4 58. gxh4 Kc6 59. Ke4 Kb5 60. Ra3 Kc4 61. f4 Kb5 62. Ke3 a4 63. Ke4 Rc5 64. Ke3 Rc4 65. Kf3 Kc5 66. Ke3 Kd5 67. Kf3 Kd6 68. Ke3 Ke7 69. Kd3 Rxf4 70. Ra1 Rxh4 71. c4 f5 72. Rxa4 Rg4 73. Ra8 e5 74. Rh8 h4 75. Rh6 Rg3+ 76. Ke2 Rc3 0-1